00907 a2200169 45000010006000000050017000060080041000230030015000640400040000790800066001192450052001852640035002373000019002725050407002910410008006981000031007066351320260407155933.0260407a1969 arg spa dAR-UNSa-BCEJYS aAR-UNSa-BCEJYSbspacAR-UNSa-BCEJYS a004.42xProgramación de ordenadores. Programas de ordenador10aMétodos númericos en computadoras digitales 1aMéxico :bLimusa-Wileyc1969 a236 p.c23 cm. a1. Generalidades sobre computadoras digitales – 2. Nociones básicas sobre programación – 3. Introducción al leguaje FØrtran – 4. Programas de ejecución directa. Subprogramas – 5. Variables suscritas – 6. Programas de ejecución progresiva – 7. Programa de ejecución por aproximaciones progresivas – 8. Errores en operaciones con computadora – 9. Programación avanzada –  aspa1 aNieto Ramírez, José A.